[Event "ZMDI-Open 2013"]
[Site "Dresden"]
[Date "2013.08.16"]
[Round "7"]
[White "Efroimski, M."]
[Black "Linnemann, N."]
[Result "1-0"]
[WhiteElo "2306"]
[BlackElo "1948"]
[PlyCount "119"]
[EventDate "2013.??.??"]

1. e4 c5 2. Nf3 e6 3. d4 cxd4 4. Nxd4 a6 5. Be2 Qc7 6. O-O Nf6 7. Nc3 Be7 8. f4
d6 9. Kh1 Nbd7 10. Bf3 O-O 11. Qe1 Re8 12. g4 Nb6 13. g5 Nfd7 14. Bg2 Bf8 15.
Qh4 g6 16. f5 Qc4 17. Be3 exf5 18. Rf3 fxe4 19. Rh3 h5 20. gxh6 d5 21. Qf4 Ne5
22. h7+ Kh8 23. Qf6+ Bg7 24. Qxb6 Bxh3 25. Bxh3 Nc6 26. Rd1 Nxd4 27. Bxd4 e3
28. Bxg7+ Kxg7 29. Bg2 e2 30. Re1 Red8 31. h8=Q+ Rxh8 32. Rxe2 Rhe8 33. Qf2 d4
34. Ne4 f5 35. Ng3 Rxe2 36. Qxe2 Qxe2 37. Nxe2 Re8 38. Bf3 b6 39. Nxd4 Kf6 40.
Kg2 Ke5 41. Nc6+ Kd6 42. h4 Re3 43. Nb4 a5 44. Nd3 Re8 45. Kg3 Ke6 46. Nf4+ Kf7
47. c4 Re1 48. Nd5 Rb1 49. b3 Rb2 50. Nxb6 Rxa2 51. c5 Rc2 52. c6 Ke6 53. Kf4
Rc5 54. Kg5 Kd6 55. Kxg6 f4 56. Nc8+ Kc7 57. Ne7 Rb5 58. Nd5+ Kd6 59. c7 Rc5
60. h5 1-0

[Event "ZMDI-Open 2013"]
[Site "Dresden"]
[Date "2013.08.16"]
[Round "7"]
[White "Humburg, P."]
[Black "Grohde, W."]
[Result "1-0"]
[WhiteElo "2054"]
[BlackElo "2141"]
[PlyCount "69"]
[EventDate "2013.??.??"]

1. e4 c5 2. Nf3 e6 3. d4 cxd4 4. Nxd4 a6 5. Bd3 Nf6 6. O-O Qc7 7. Qe2 d6 8. Nc3
Nbd7 9. f4 b5 10. a3 Bb7 11. Kh1 h5 12. Bd2 h4 13. h3 Be7 14. Be1 Nh5 15. Rd1
Qb6 16. Nb3 e5 17. fxe5 Nxe5 18. a4 bxa4 19. Nxa4 Qc7 20. Nc3 g5 21. Nd5 Bxd5
22. exd5 Nf4 23. Qe4 Nfxd3 24. cxd3 Qb7 25. Bc3 O-O 26. Na5 Qd7 27. Nc6 Bd8 28.
Rf4 gxf4 29. Qxf4 f6 30. Qxh4 Qg7 31. Rf1 Qg5 32. Qe4 Bb6 33. Ne7+ Kg7 34. Rf4
Rae8 35. Rg4 1-0

[Event "ZMDI-Open 2013"]
[Site "Dresden"]
[Date "2013.08.16"]
[Round "7"]
[White "Richter, L."]
[Black "Peil, C."]
[Result "1/2-1/2"]
[WhiteElo "2020"]
[BlackElo "2015"]
[PlyCount "112"]
[EventDate "2013.??.??"]

1. e4 c5 2. Nf3 Nc6 3. d4 cxd4 4. Nxd4 e5 5. Nb5 d6 6. N1c3 a6 7. Na3 Be7 8.
Nd5 Nf6 9. Be3 Nxd5 10. exd5 Nd4 11. Bxd4 exd4 12. Qxd4 O-O 13. c3 Bf6 14. Qd3
Re8+ 15. Be2 Bg4 16. f3 Bh5 17. Kf1 Bg5 18. Re1 Bg6 19. Qd1 b5 20. g3 Be3 21.
Bd3 Qd7 22. Kg2 Re5 23. Bxg6 hxg6 24. Nc2 Rae8 25. Nxe3 Rxe3 26. Rxe3 Rxe3 27.
Re1 Qe7 28. Kf2 Re5 29. Re2 Qg5 30. Rxe5 Qxe5 31. Qd2 Qf5 32. Kg2 Qb1 33. b3 a5
34. c4 bxc4 35. bxc4 Qb6 36. Qc2 Qd4 37. Kh3 Qg1 38. Qe2 Kh7 39. Kh4 a4 40. Qb2
a3 41. Qd2 Qa1 42. Kh3 Qf1+ 43. Kg4 Qxc4+ 44. f4 Qe4 45. Kh3 Qb1 46. Kg2 Qb2
47. Qf2 f5 48. Kf3 Qb1 49. Qd2 Qe4+ 50. Kf2 Qh1 51. Ke3 Qe4+ 52. Kf2 Kh6 53.
Kg1 Qf3 54. Qg2 Qd1+ 55. Kf2 Qd2+ 56. Kf1 Qd1+ 1/2-1/2

[Event "ZMDI-Open 2013"]
[Site "Dresden"]
[Date "2013.08.16"]
[Round "7"]
[White "Brendel, B."]
[Black "Rother, M."]
[Result "1-0"]
[WhiteElo "2033"]
[BlackElo "2136"]
[PlyCount "36"]
[EventDate "2013.??.??"]

1. e4 c5 2. Nf3 d6 3. d4 cxd4 4. Nxd4 Nf6 5. Nc3 a6 6. Be2 e5 7. Nb3 Be7 8. Be3
O-O 9. g4 Be6 10. g5 Nfd7 11. Qd2 Nb6 12. O-O-O N8d7 13. Kb1 f5 14. gxf6 Nxf6
15. Rhg1 Kh8 16. f4 Nc4 17. Bxc4 Bxc4 18. fxe5 dxe5 1-0

[Event "ZMDI-Open 2013"]
[Site "Dresden"]
[Date "2013.08.16"]
[Round "7"]
[White "Schackmann, O."]
[Black "Rudolf, M."]
[Result "0-1"]
[WhiteElo "1903"]
[BlackElo "2108"]
[PlyCount "84"]
[EventDate "2013.??.??"]

1. e4 e6 2. d4 d5 3. Nc3 h6 4. Nf3 Nf6 5. Bd3 Bb4 6. e5 Ne4 7. Bd2 Nxd2 8. Qxd2
c5 9. a3 Qa5 10. O-O Bxc3 11. Qxc3 Qxc3 12. bxc3 c4 13. Be2 Bd7 14. Rfb1 Bc6
15. Kf1 f6 16. Nh4 Kd7 17. Bh5 Na6 18. Re1 Nc7 19. Re3 Rhg8 20. exf6 gxf6 21.
f4 Kd6 22. Rae1 Be8 23. Bxe8 Raxe8 24. f5 e5 25. Ng6 exd4 26. cxd4 Rxe3 27.
Rxe3 Re8 28. Rh3 Nb5 29. c3 Nxa3 30. Rxh6 Nb1 31. Nf4 Nd2+ 32. Kf2 Ne4+ 33. Kf1
a5 34. Rh7 Kc6 35. Ne2 Ra8 36. Rh3 b5 37. Nc1 b4 38. cxb4 axb4 39. Ke2 Ra1 40.
Nb3 Ra2+ 41. Ke1 cxb3 42. Rxb3 Kb5 0-1

[Event "ZMDI-Open 2013"]
[Site "Dresden"]
[Date "2013.08.16"]
[Round "7"]
[White "Pietzsch, M."]
[Black "Herbrig, T."]
[Result "1/2-1/2"]
[WhiteElo "2086"]
[BlackElo "1921"]
[PlyCount "229"]
[EventDate "2013.??.??"]

1. e4 d5 2. exd5 Qxd5 3. Nc3 Qa5 4. b4 Qb6 5. a4 Nf6 6. a5 Qxb4 7. Ra4 Qd6 8.
Ba3 Qd8 9. Nf3 Nbd7 10. d4 e6 11. Bxf8 Nxf8 12. Bd3 Ng6 13. O-O O-O 14. Ne5 Nf4
15. Bc4 N4d5 16. Ne2 c5 17. Bb3 cxd4 18. Qxd4 Ne7 19. Qa1 Ng6 20. Rd1 Qc7 21.
Nxg6 hxg6 22. Rc4 Qe7 23. Qe5 Nh7 24. Rcd4 Qf6 25. Qc7 e5 26. Rd8 Bg4 27. Rxa8
Rxa8 28. f3 Be6 29. Qxb7 Rf8 30. Qxa7 e4 31. fxe4 Bg4 32. Qe3 Qa6 33. Rd2 Qxa5
34. h3 Bc8 35. e5 Re8 36. Qf4 Qc7 37. Qc4 Qe7 38. Qf4 Nf8 39. Rd5 Ne6 40. Qe3
Qh4 41. Rd6 g5 42. Nd4 Nxd4 43. Rxd4 Qh6 44. Rd1 Qg6 45. Rf1 Rf8 46. e6 Bxe6
47. Bxe6 fxe6 48. Rxf8+ Kxf8 49. Qc5+ Kg8 50. Qc8+ Kh7 51. Qc4 Qf6 52. Qd3+ Kh6
53. Qe3 Qa1+ 54. Kh2 Qa6 55. h4 Qd6+ 56. Qg3 e5 57. Qxg5+ Kh7 58. Qf5+ Kh8 59.
Qe4 Qc5 60. c4 Qa5 61. Qd5 Qe1 62. Kh3 e4 63. c5 Qc3+ 64. Kg4 e3 65. Kf3 Qe1
66. Qh5+ Kg8 67. Qe8+ Kh7 68. Qxe3 Qd1+ 69. Kg3 Qd5 70. Qg5 Qd3+ 71. Kh2 Qc4
72. Qf5+ Kh8 73. g3 Qa2+ 74. Kh3 Qa1 75. Qd5 Qf1+ 76. Kg4 Qe2+ 77. Kf4 Qf2+ 78.
Kg4 Qe2+ 79. Kf5 Qf2+ 80. Ke6 Qxg3 81. c6 Qg4+ 82. Kd6 Qb4+ 83. Kd7 Qg4+ 84.
Kc7 Qf4+ 85. Qd6 Qf7+ 86. Qd7 Qf4+ 87. Kc8 Qa4 88. Qb7 Kh7 89. Kb8 Qxh4 90. c7
Qf4 91. Ka8 Qa4+ 92. Qa7 Qe4+ 93. Qb7 Qa4+ 94. Kb8 Qf4 95. Ka7 Qa4+ 96. Qa6
Qd4+ 97. Qb6 Qa4+ 98. Kb7 Qe4+ 99. Qc6 Qb4+ 100. Kc8 Qf8+ 101. Kd7 Qf7+ 102.
Kd6 Qf6+ 103. Kc5 Qc3+ 104. Kb5 Qb3+ 105. Ka6 Qa3+ 106. Kb7 Qb4+ 107. Ka8 Qa5+
108. Kb8 Qb4+ 109. Qb7 Qf4 110. Qb1+ Kg8 111. Qb3+ Kh8 112. Qb5 Kg8 113. Qc6
Qb4+ 114. Qb7 Qf4 115. Kc8 1/2-1/2

[Event "ZMDI-Open 2013"]
[Site "Dresden"]
[Date "2013.08.16"]
[Round "7"]
[White "Zimmermann, C."]
[Black "Gungl, T."]
[Result "1-0"]
[WhiteElo "2045"]
[BlackElo "1948"]
[PlyCount "35"]
[EventDate "2013.??.??"]

1. e4 c6 2. d4 d5 3. f3 dxe4 4. fxe4 e5 5. Nf3 exd4 6. Bc4 Nf6 7. O-O Be7 8.
Ng5 O-O 9. Nxf7 Rxf7 10. Bxf7+ Kxf7 11. e5 Kg8 12. exf6 Bxf6 13. Qe2 Bd7 14.
Nd2 Na6 15. Ne4 Be5 16. Qc4+ Kh8 17. Ng5 b5 18. Qd3 1-0

[Event "ZMDI-Open 2013"]
[Site "Dresden"]
[Date "2013.08.16"]
[Round "7"]
[White "Schellmann, F."]
[Black "Hansch, S."]
[Result "1-0"]
[WhiteElo "2121"]
[BlackElo "1980"]
[PlyCount "103"]
[EventDate "2013.??.??"]

1. e4 c5 2. c3 d5 3. exd5 Qxd5 4. d4 Nc6 5. Nf3 Bg4 6. Be2 cxd4 7. cxd4 e6 8.
Nc3 Qa5 9. O-O Nf6 10. h3 Bh5 11. Be3 Be7 12. Qb3 Qb4 13. Rfd1 O-O 14. d5 Qxb3
15. axb3 exd5 16. Nxd5 Nxd5 17. Rxd5 Bxf3 18. Bxf3 Rfd8 19. Rxd8+ Bxd8 20. Rd1
Bf6 21. Rd7 Rb8 22. Bd5 Bxb2 23. Rxf7 Kh8 24. Bf4 Rd8 25. Bf3 Ne5 26. Rxb7
Nxf3+ 27. gxf3 h6 28. Rxa7 Rd3 29. Rb7 Rxf3 30. Be3 Rxh3 31. b4 Rh4 32. b5 Rg4+
33. Kh1 Be5 34. b6 Rb4 35. Re7 Rb5 36. b7 Kh7 37. Rxe5 Rxb7 38. Bc5 Rc7 39. Kg2
Kg6 40. Be3 Kf6 41. Ra5 Rc4 42. Kg3 g5 43. Ra6+ Kg7 44. Rd6 Kh7 45. Bd4 h5 46.
Kf3 Rc1 47. Ke4 h4 48. Kf5 h3 49. Rd7+ Kg8 50. Kg6 Rc8 51. Rg7+ Kf8 52. Rh7 1-0

[Event "ZMDI-Open 2013"]
[Site "Dresden"]
[Date "2013.08.16"]
[Round "7"]
[White "Bösch, D."]
[Black "Klaus, J."]
[Result "1/2-1/2"]
[WhiteElo "2077"]
[BlackElo "1916"]
[PlyCount "138"]
[EventDate "2013.??.??"]

1. c4 e6 2. g3 d5 3. Bg2 Nf6 4. Nf3 Be7 5. O-O O-O 6. d4 c5 7. cxd5 exd5 8. Nc3
Nc6 9. Bg5 c4 10. Ne5 Be6 11. Nxc6 bxc6 12. b3 cxb3 13. axb3 h6 14. Bxf6 Bxf6
15. Na4 Qb8 16. Nc5 Qb5 17. Qd2 a5 18. Rfc1 Rfe8 19. e3 Bf5 20. Bf1 Qb6 21. Qc3
Rec8 22. Ra4 Ra7 23. h3 Be7 24. g4 Bg6 25. Bg2 Rb8 26. Ra3 f6 27. Bf1 Be8 28.
Bd3 Qb4 29. Qxb4 Rxb4 30. Kf1 Kf7 31. Ke2 Bd6 32. Kd2 Be7 33. Rc3 Bd8 34. Ra4
Ra8 35. Ra3 Ra7 36. Ra4 Ra8 37. e4 Be7 38. Kc2 Rxa4 39. bxa4 Rb8 40. Na6 Rb7
41. Rb3 Rxb3 42. Kxb3 Bd6 43. exd5 cxd5 44. Bb5 Ke7 45. Bxe8 Kxe8 46. Nc5 Ke7
47. Kc3 g6 48. Kd3 Kf7 49. Nb3 Bc7 50. Nc1 Ke6 51. Ke3 Bb8 52. Nd3 Bd6 53. h4
g5 54. hxg5 hxg5 55. f4 Ke7 56. fxg5 fxg5 57. Ne5 Ke6 58. Nc6 Bc7 59. Na7 Kd7
60. Nb5 Bd8 61. Kd3 Ke6 62. Nc3 Bc7 63. Nd1 Bf4 64. Nf2 Bd6 65. Nh3 Kf6 66. Ng1
Bc7 67. Nf3 Bd6 68. Nd2 Ke6 69. Nb3 Bb4 1/2-1/2

[Event "ZMDI-Open 2013"]
[Site "Dresden"]
[Date "2013.08.16"]
[Round "7"]
[White "Ditmas, H."]
[Black "Steinert, F."]
[Result "1/2-1/2"]
[WhiteElo "1997"]
[BlackElo "1931"]
[PlyCount "62"]
[EventDate "2013.??.??"]

1. d4 Nf6 2. c4 c5 3. d5 b5 4. cxb5 a6 5. bxa6 g6 6. Nc3 Bxa6 7. Nf3 d6 8. e4
Bxf1 9. Kxf1 Bg7 10. g3 Nbd7 11. Kg2 O-O 12. h3 Qa5 13. a4 Rfb8 14. Qc2 Ne8 15.
Bg5 f6 16. Bd2 Nc7 17. Nb5 Qb6 18. Nxc7 Qxc7 19. Bc3 Qb7 20. Nd2 f5 21. f3 Bxc3
22. bxc3 Qb2 23. Rhc1 fxe4 24. fxe4 Ne5 25. Ra2 Qb7 26. c4 Qb4 27. Rb1 Qa5 28.
Rxb8+ Rxb8 29. Nf3 Nd7 30. h4 Nf6 31. Kh3 Qb4 1/2-1/2

[Event "ZMDI-Open 2013"]
[Site "Dresden"]
[Date "2013.08.16"]
[Round "7"]
[White "Wilhelm, T."]
[Black "Salewski, B."]
[Result "1-0"]
[WhiteElo "2013"]
[BlackElo "2020"]
[PlyCount "128"]
[EventDate "2013.??.??"]

1. d4 Nf6 2. Bg5 Ne4 3. Bf4 d5 4. e3 c6 5. Bd3 Qb6 6. Qc1 Nd7 7. Bxe4 dxe4 8.
Nd2 f5 9. Ne2 g6 10. O-O Bg7 11. f3 exf3 12. Nxf3 O-O 13. c4 c5 14. Nc3 e6 15.
Kh1 a6 16. Qd2 h6 17. h4 Kh7 18. Na4 Qc6 19. Nxc5 Nxc5 20. dxc5 Qe4 21. Bd6 Re8
22. Rac1 Bf6 23. Qc2 Qg4 24. Qa4 Rd8 25. Bc7 Rg8 26. Rcd1 Qe4 27. Rd2 Qxe3 28.
c6 Qe4 29. cxb7 Qxb7 30. Be5 Bxe5 31. Nxe5 Qe4 32. Nf3 Ra7 33. Re1 Qg4 34. Rd4
Qg3 35. c5 Re7 36. Rd3 Qf2 37. Qd4 Qxd4 38. Rxd4 Bb7 39. Rd6 Rc8 40. b4 a5 41.
a3 axb4 42. axb4 Bxf3 43. gxf3 Rb8 44. Rb1 Rb5 45. c6 Kg7 46. Rc1 Rc7 47. Rd7+
Rxd7 48. cxd7 Rd5 49. Rc7 Kf6 50. b5 Ke7 51. b6 Rxd7 52. b7 Rxc7 53. b8=Q Rc4
54. Qa7+ Kf6 55. Qa1+ Kf7 56. Qe1 g5 57. hxg5 hxg5 58. Qd2 Rh4+ 59. Kg2 Kf6 60.
Qd8+ Ke5 61. Qxg5 Ra4 62. Qg7+ Kf4 63. Qg3+ Ke3 64. Qe1+ Kf4 1-0

[Event "ZMDI-Open 2013"]
[Site "Dresden"]
[Date "2013.08.16"]
[Round "7"]
[White "Schulz, M."]
[Black "Zahn, A."]
[Result "1-0"]
[WhiteElo "2046"]
[BlackElo "1985"]
[PlyCount "83"]
[EventDate "2013.??.??"]

1. f4 d5 2. Nf3 c6 3. g3 Bg4 4. Bg2 Nd7 5. d4 e6 6. O-O Be7 7. Nbd2 Ngf6 8. h3
Bf5 9. Nh4 Bg6 10. c3 Nh5 11. Nxg6 hxg6 12. Qe1 g5 13. fxg5 Bxg5 14. e4 dxe4
15. Nxe4 Be7 16. Qf2 Nhf6 17. Qf4 Rf8 18. Nd6+ Bxd6 19. Qxd6 Nb6 20. Qc5 Nbd5
21. c4 Ne7 22. g4 Ng6 23. Bg5 Rh8 24. d5 Ne4 25. Bxd8 Nxc5 26. Bg5 cxd5 27.
cxd5 e5 28. Be3 Nd7 29. d6 f6 30. b3 a5 31. Bxb7 Rb8 32. Bg2 Nh4 33. Bd5 Nb6
34. Bc6+ Nd7 35. Rac1 Ng6 36. Kg2 Kd8 37. Bd2 Ngf8 38. Bxa5+ Ke8 39. Bd5 Ng6
40. Bd2 Nb6 41. Be4 Nf8 42. Rc7 1-0

[Event "ZMDI-Open 2013"]
[Site "Dresden"]
[Date "2013.08.16"]
[Round "7"]
[White "Scharff, K."]
[Black "Kempen, W."]
[Result "0-1"]
[WhiteElo "2013"]
[BlackElo "2059"]
[PlyCount "66"]
[EventDate "2013.??.??"]

1. d4 d5 2. c4 e6 3. Nc3 Nf6 4. Bg5 Nbd7 5. e3 c6 6. Bd3 Qa5 7. Nf3 Ne4 8. Ne5
Nxg5 9. Qh5 Nxe5 10. dxe5 dxc4 11. Be2 Ne4 12. O-O Nxc3 13. bxc3 g6 14. Qg5 Bg7
15. f4 Qxc3 16. Kf2 O-O 17. Rac1 Qa3 18. Bxc4 b5 19. Bb3 Bb7 20. h4 h6 21. Qg4
c5 22. h5 Be4 23. hxg6 c4 24. gxf7+ Rxf7 25. Bc2 Qxa2 26. Kg1 Bxc2 27. Qe2 Bb3
28. Qg4 Re8 29. Rf3 c3 30. e4 c2 31. f5 Qb2 32. Rff1 Qd4+ 33. Kh1 exf5 0-1

[Event "ZMDI-Open 2013"]
[Site "Dresden"]
[Date "2013.08.16"]
[Round "7"]
[White "Herbrig, A."]
[Black "Eilers, J."]
[Result "1-0"]
[WhiteElo "1766"]
[BlackElo "2009"]
[PlyCount "87"]
[EventDate "2013.??.??"]

1. e4 c5 2. Nf3 d6 3. d4 cxd4 4. Nxd4 Nf6 5. Nc3 a6 6. Bg5 Nbd7 7. f4 Qc7 8.
Qf3 h6 9. Bh4 g5 10. fxg5 hxg5 11. Bxg5 Qc5 12. Nf5 e6 13. Bxf6 Nxf6 14. Ng3
Nd7 15. Qf2 Qb4 16. O-O-O b5 17. Be2 Qc5 18. Qxc5 Nxc5 19. Bh5 Ra7 20. Rhf1 Rc7
21. Rf2 b4 22. Nce2 e5 23. Kb1 Be6 24. Nc1 Be7 25. Re1 a5 26. Nf5 Bxf5 27. Rxf5
Bf8 28. Nd3 Ne6 29. Bg4 Nd4 30. Rf2 Bh6 31. g3 Rg8 32. Bh5 Rg5 33. g4 Rg7 34.
h4 Bf4 35. Nxf4 exf4 36. Rxf4 Rxc2 37. e5 Re2 38. Rxe2 Nxe2 39. Rxf7 Rxf7 40.
e6 Nd4 41. Bxf7+ Ke7 42. g5 Nf3 43. g6 Kf6 44. h5 1-0

[Event "ZMDI-Open 2013"]
[Site "Dresden"]
[Date "2013.08.16"]
[Round "7"]
[White "Wolf, A."]
[Black "Sturm, F."]
[Result "1-0"]
[WhiteElo "1988"]
[BlackElo "1962"]
[PlyCount "129"]
[EventDate "2013.??.??"]

1. d4 Nf6 2. c4 e6 3. g3 Bb4+ 4. Bd2 Be7 5. Bg2 c6 6. Qc2 d5 7. Nf3 O-O 8. O-O
b6 9. Ne5 Ba6 10. Rd1 Nfd7 11. Nxd7 Nxd7 12. cxd5 cxd5 13. Nc3 Nf6 14. Rdc1 Qd7
15. Bf1 Rac8 16. Qd1 Rc7 17. Bf4 Bd6 18. Bg5 Rfc8 19. Bxf6 gxf6 20. e3 Bxf1 21.
Qxf1 Be7 22. Qd3 Kg7 23. Ne2 f5 24. Rxc7 Rxc7 25. Rc1 Bb4 26. Rxc7 Qxc7 27. Qd1
Qc4 28. b3 Qc7 29. g4 fxg4 30. Nf4 Kh8 31. Qxg4 Qd8 32. Kf1 Qf6 33. Nh5 Qg6 34.
Qh4 Qd3+ 35. Kg2 Qg6+ 36. Ng3 f6 37. Qf4 Qf7 38. Kf1 Bf8 39. a4 Qg6 40. Qb8 Qf7
41. Nh5 Qe7 42. Nf4 Kg8 43. Qc8 Kf7 44. Qc2 Kg8 45. Qc6 Kf7 46. Qc2 Kg8 47. Qc6
Kf7 48. b4 Qd6 49. Qb7+ Qe7 50. Qc8 Qd6 51. a5 bxa5 52. bxa5 Bh6 53. Nd3 Qa3
54. Nc5 Qxa5 55. Qxe6+ Kg6 56. Qg8+ Bg7 57. Qxd5 Qb5+ 58. Kg2 a5 59. Qe4+ Kh6
60. Qh4+ Kg6 61. Qg4+ Kf7 62. Qe6+ Kg6 63. Qg4+ Kf7 64. Qh5+ Kg8 65. Qd5+ 1-0

[Event "ZMDI-Open 2013"]
[Site "Dresden"]
[Date "2013.08.16"]
[Round "7"]
[White "Bui, H."]
[Black "Glasewald, S."]
[Result "0-1"]
[WhiteElo "1632"]
[BlackElo "2075"]
[PlyCount "264"]
[EventDate "2013.??.??"]

1. e4 c5 2. Nf3 e6 3. d4 cxd4 4. Nxd4 Nf6 5. Bd3 Nc6 6. Nxc6 bxc6 7. O-O Qb6 8.
Nc3 d5 9. e5 Nd7 10. Qe2 a6 11. Na4 Qd4 12. b3 Qxe5 13. Qxe5 Nxe5 14. Nb6 Rb8
15. Nxc8 Nxd3 16. cxd3 Rxc8 17. Bb2 Rg8 18. Rac1 g6 19. Rfe1 Kd7 20. Re2 Bd6
21. g3 Rb8 22. Bc3 Rgc8 23. Kg2 Re8 24. f4 c5 25. Rd1 d4 26. Ba5 Rb5 27. Be1 e5
28. fxe5 Rxe5 29. Rdd2 f6 30. Rxe5 Bxe5 31. Kf3 Rb8 32. Re2 h5 33. h4 Kd6 34.
Bd2 Kd5 35. Kg2 Ra8 36. Bc1 a5 37. a4 Rb8 38. Rb2 Rg8 39. Rf2 Rb8 40. Rb2 Bc7
41. Kf3 Re8 42. Kf2 Re5 43. Rc2 g5 44. hxg5 fxg5 45. Re2 Rf5+ 46. Kg2 g4 47.
Rf2 Ke6 48. Rxf5 Kxf5 49. Bd2 Bd8 50. Be1 Ke5 51. Bd2 Kd5 52. Kf1 Kc6 53. Be1
Kb6 54. Ke2 Be7 55. Bf2 Bg5 56. Kd1 Be7 57. Ke2 Bg5 58. Kd1 Bh6 59. Bg1 Bg7 60.
Bf2 Be5 61. Ke2 Bd6 62. Kd1 Kc6 63. Ke2 Kd5 64. Be1 Bc7 65. Kf1 Bd8 66. Kg2 Kc6
67. Kf1 Kb6 68. Bf2 Bg5 69. Ke2 Bc1 70. Kd1 Bb2 71. Kc2 Bc3 72. Kc1 Kc6 73. Kc2
Kd5 74. Kd1 Bb4 75. Kc2 Ke5 76. Kd1 Bc3 77. Ke2 Kf5 78. Kd1 Bb4 79. Ke2 Kg5 80.
Kd1 Ba3 81. Be1 Bb4 82. Bf2 Bc3 83. Ke2 Kf5 84. Kd1 Ke5 85. Ke2 Kd5 86. Kd1 c4
87. bxc4+ Kc5 88. Kc2 Kb4 89. c5 Kxc5 90. Kb3 Bd2 91. Ka3 Kd5 92. Kb3 Bg5 93.
Kc2 Bd8 94. Kb3 Bb6 95. Kc2 Bc5 96. Kd2 Bb4+ 97. Kc2 Bc3 98. Kb3 Kc5 99. Ka3
Bd2 100. Kb3 Bb4 101. Kc2 Kd5 102. Kd1 Bd6 103. Kc2 h4 104. gxh4 g3 105. Bg1
Bf4 106. Kd1 Be3 107. h5 Ke6 108. Ke2 Bxg1 109. Kf3 Bf2 110. h6 Kf7 111. h7 Kg7
112. h8=Q+ Kxh8 113. Kg2 Kg7 114. Kf3 Kf6 115. Kg2 Ke5 116. Kf3 Kd5 117. Ke2
Kc5 118. Kf1 Kb4 119. Kg2 Kxa4 120. Kf1 Kb4 121. Kg2 a4 122. Kf1 a3 123. Kg2 a2
124. Kf3 a1=Q 125. Ke4 Qd1 126. Kd5 Qg4 127. Kd6 Qf5 128. Kc6 Qe6+ 129. Kc7 Kc5
130. Kb7 Qf7+ 131. Kc8 Kc6 132. Kb8 Qb7# 0-1

[Event "ZMDI-Open 2013"]
[Site "Dresden"]
[Date "2013.08.16"]
[Round "7"]
[White "Osterloh, F."]
[Black "Scholz, R."]
[Result "1/2-1/2"]
[WhiteElo "1752"]
[BlackElo "1879"]
[PlyCount "126"]
[EventDate "2013.??.??"]

1. Nf3 Nf6 2. d4 e6 3. Nbd2 c5 4. e3 b6 5. Bd3 Bb7 6. O-O Nc6 7. c3 Rc8 8. Re1
Be7 9. e4 cxd4 10. Nxd4 d6 11. N2f3 O-O 12. Qa4 Nd7 13. Qd1 Nde5 14. Nxc6 Bxc6
15. Nxe5 dxe5 16. Be3 Kh8 17. Bc2 Qc7 18. Qg4 Rcd8 19. Rad1 Rxd1 20. Rxd1 Bc5
21. Bxc5 bxc5 22. Qe2 Rb8 23. Qd2 Kg8 24. b3 Kf8 25. Qd6+ Qxd6 26. Rxd6 Rc8 27.
Kf1 Ke7 28. Rd2 a5 29. f3 Rb8 30. Ke2 g5 31. Rd1 h5 32. h3 Rg8 33. Kf2 g4 34.
a3 gxh3 35. gxh3 h4 36. Rg1 Rxg1 37. Kxg1 Kf6 38. Kf2 Kg5 39. Ke3 f5 40. b4
cxb4 41. cxb4 axb4 42. axb4 Kf6 43. Bd3 Bb7 44. Bc2 Ba6 45. Bd3 Bb7 46. Bb5 Ke7
47. Ba4 Kd6 48. Kd3 Ba6+ 49. b5 Bb7 50. Bb3 Kc5 51. Bxe6 fxe4+ 52. fxe4 Kxb5
53. Ke3 Kc5 54. Kf3 Kd4 55. Bf5 Bc6 56. Bg6 Bd7 57. Bf5 Bxf5 58. exf5 e4+ 59.
Kg4 e3 60. f6 e2 61. f7 e1=Q 62. f8=Q Qg3+ 63. Kh5 Qxh3 1/2-1/2

[Event "ZMDI-Open 2013"]
[Site "Dresden"]
[Date "2013.08.16"]
[Round "7"]
[White "Sauer, E."]
[Black "Nixdorf, A."]
[Result "1/2-1/2"]
[WhiteElo "1901"]
[BlackElo "1933"]
[PlyCount "83"]
[EventDate "2013.??.??"]

1. d4 d5 2. c4 c6 3. Nf3 Nf6 4. Qc2 g6 5. Bf4 a6 6. e3 Bg7 7. Bd3 Nbd7 8. h3
O-O 9. O-O c5 10. Nc3 dxc4 11. Bxc4 cxd4 12. exd4 b5 13. Be2 Bb7 14. Qb3 Nb6
15. Rfd1 Nbd5 16. Be5 e6 17. a4 Nxc3 18. bxc3 Bd5 19. Qb4 bxa4 20. Qxa4 Ne4 21.
Rdc1 Bh6 22. Rc2 Ng5 23. Nd2 Bb7 24. Qb4 Qd5 25. f3 f6 26. c4 Qd7 27. Bd6 Rfd8
28. c5 Nf7 29. Nc4 Ra7 30. Qb6 Ba8 31. Rxa6 Rxa6 32. Qxa6 Nxd6 33. Qxd6 Qxd6
34. cxd6 Bd5 35. Rb2 Bxc4 36. Bxc4 Be3+ 37. Kf1 Rxd6 38. Rb8+ Kf7 39. Rb7+ Kg8
40. Rb8+ Kf7 41. Rb7+ Kg8 42. Rb8+ 1/2-1/2

[Event "ZMDI-Open 2013"]
[Site "Dresden"]
[Date "2013.08.16"]
[Round "7"]
[White "Barlage, T."]
[Black "Enache, R."]
[Result "1/2-1/2"]
[WhiteElo "1974"]
[BlackElo "1696"]
[PlyCount "43"]
[EventDate "2013.??.??"]

1. Nf3 Nf6 2. c4 e6 3. b3 d5 4. Bb2 c5 5. e3 Bd6 6. d4 Nbd7 7. Nc3 Qa5 8. Qd2
a6 9. Ne4 Qxd2+ 10. Nexd2 O-O 11. Be2 b6 12. O-O Bb7 13. Ne5 Bxe5 14. dxe5 Ne8
15. f4 g6 16. Rad1 Nc7 17. Ne4 Bc6 18. Nf6+ Nxf6 19. exf6 Rfd8 20. Bf3 Rd7 21.
Rf2 Rad8 22. Rfd2 1/2-1/2

[Event "ZMDI-Open 2013"]
[Site "Dresden"]
[Date "2013.08.16"]
[Round "7"]
[White "Biastoch, B."]
[Black "Nobis, A."]
[Result "0-1"]
[WhiteElo "1640"]
[BlackElo "1759"]
[PlyCount "108"]
[EventDate "2013.??.??"]

1. e4 c5 2. Nf3 Nc6 3. Nc3 d6 4. d4 cxd4 5. Nxd4 e5 6. Nf5 Bxf5 7. exf5 Nf6 8.
Bg5 Be7 9. Bc4 O-O 10. Bxf6 Bxf6 11. O-O Nd4 12. g4 Bg5 13. f4 Bh4 14. Nd5 Qc8
15. Qd3 b5 16. Bb3 Qc5 17. Kh1 Rfe8 18. Ne3 e4 19. Qd2 Nxb3 20. cxb3 Bf6 21.
Rac1 Qd4 22. Rf2 Rac8 23. Rd1 Qc5 24. g5 Bxb2 25. Rg2 Bc1 26. Qxc1 Qxc1 27.
Rxc1 Rxc1+ 28. Rg1 Rxg1+ 29. Kxg1 Rc8 30. Kf2 a5 31. h4 Rc5 32. Ng4 Rxf5 33.
Ke3 d5 34. Nh2 Kf8 35. Nf1 Ke7 36. Ng3 Ke6 37. Ne2 g6 38. Nd4+ Kd6 39. a3 Kc5
40. Nc2 a4 41. b4+ Kc4 42. Nd4 Rxf4 43. Kxf4 Kxd4 44. h5 Kd3 45. Ke5 e3 46. Kf6
e2 47. hxg6 fxg6 48. Kg7 e1=Q 49. Kxh7 Qe8 50. Kg7 Ke4 51. Kh7 Kf5 52. Kg7 Kxg5
53. Kh7 Kf6 54. Kh6 Qh8# 0-1

[Event "ZMDI-Open 2013"]
[Site "Dresden"]
[Date "2013.08.16"]
[Round "7"]
[White "Weißpflog, J."]
[Black "Wong, G."]
[Result "1-0"]
[WhiteElo "2037"]
[BlackElo "1766"]
[PlyCount "87"]
[EventDate "2013.??.??"]

1. c4 e6 2. d4 d5 3. Nf3 Nf6 4. g3 c6 5. Bg2 Nbd7 6. O-O Bd6 7. Nc3 O-O 8. c5
Bc7 9. Bf4 Bxf4 10. gxf4 Nh5 11. e3 g6 12. Kh1 f6 13. b4 a6 14. Nh4 Ng7 15. Nf3
Qe7 16. a4 e5 17. b5 Re8 18. bxc6 bxc6 19. dxe5 fxe5 20. Nxd5 Qd8 21. fxe5 Nxe5
22. Nb6 Qxd1 23. Rfxd1 Bg4 24. Nxe5 Bxd1 25. Rxd1 Ra7 26. Nxc6 Rc7 27. Nd7 Kh8
28. Nce5 Ne6 29. c6 Kg7 30. Rb1 Nd8 31. Rb6 a5 32. Kg1 Kh6 33. f4 g5 34. Nf6
Re6 35. Nd5 Rc8 36. Bh3 Rexc6 37. Bxc8 Rxb6 38. Nxb6 gxf4 39. exf4 Kh5 40. Nbc4
Kh4 41. Bf5 Nb7 42. Ne3 Nd6 43. Bg4 h5 44. Ng2# 1-0

[Event "ZMDI-Open 2013"]
[Site "Dresden"]
[Date "2013.08.16"]
[Round "7"]
[White "Hartmann, T."]
[Black "Dümmke, J."]
[Result "1-0"]
[WhiteElo "2016"]
[BlackElo "2028"]
[PlyCount "53"]
[EventDate "2013.??.??"]

1. e4 d5 2. exd5 Nf6 3. Bb5+ Bd7 4. Bc4 b5 5. Bb3 Bg4 6. f3 Bc8 7. Qe2 a6 8. a4
b4 9. Qc4 Qd6 10. d3 e6 11. Bf4 e5 12. Bg5 Bb7 13. Bxf6 gxf6 14. Nd2 f5 15. d4
Rg8 16. dxe5 Qxe5+ 17. Kf2 Qd6 18. Re1+ Kd7 19. Qd3 Qg6 20. g3 Bd6 21. Ne2 h5
22. Nc4 h4 23. Nxd6 Kxd6 24. Rhg1 Nd7 25. Qd4 hxg3+ 26. Nxg3 Qf6 27. Qf4+ 1-0

[Event "ZMDI-Open 2013"]
[Site "Dresden"]
[Date "2013.08.16"]
[Round "7"]
[White "Keeve, M."]
[Black "Schöhl, G."]
[Result "1/2-1/2"]
[WhiteElo "1932"]
[BlackElo "1909"]
[PlyCount "109"]
[EventDate "2013.??.??"]

1. d4 d5 2. c4 e6 3. Nc3 Nf6 4. Nf3 c6 5. Bg5 Nbd7 6. e3 Qa5 7. Bh4 Ne4 8. Qb3
Bb4 9. Rc1 Ndf6 10. Bd3 dxc4 11. Bxc4 Nd5 12. O-O Nexc3 13. bxc3 Ba3 14. Rc2
O-O 15. Rb1 b5 16. Bd3 Bb7 17. Bg3 a6 18. e4 Nf6 19. e5 Nd5 20. c4 Nc7 21. c5
Nd5 22. Ng5 h6 23. Ne4 b4 24. Nd6 Qc7 25. Nc4 Rfb8 26. h3 a5 27. Be4 a4 28. Qf3
Ba6 29. Nxa3 bxa3 30. Rxb8+ Rxb8 31. Qxa3 Qa5 32. Qc1 Rd8 33. Bh4 Rd7 34. Rb2
Bb5 35. Qd2 Qxd2 36. Rxd2 Nc3 37. f3 Rxd4 38. Rxd4 Ne2+ 39. Kf2 Nxd4 40. Ke3
Nf5+ 41. Bxf5 exf5 42. Be7 f4+ 43. Kf2 a3 44. Bd8 Bc4 45. Ba5 Kf8 46. Bb4 Ke7
47. Bxa3 Bxa2 48. g3 fxg3+ 49. Kxg3 Ke6 50. f4 g6 51. Bc1 Kd5 52. Be3 Ke4 53.
Bg1 Be6 54. h4 h5 55. Bf2 1/2-1/2

[Event "ZMDI-Open 2013"]
[Site "Dresden"]
[Date "2013.08.16"]
[Round "7"]
[White "Siegl, D."]
[Black "Nachtkamp, H."]
[Result "1-0"]
[WhiteElo "1888"]
[BlackElo "2086"]
[PlyCount "65"]
[EventDate "2013.??.??"]

1. d4 d5 2. c4 Nc6 3. Nf3 Bg4 4. Nc3 e6 5. cxd5 exd5 6. Qa4 Bxf3 7. exf3 Bb4 8.
Bb5 Bxc3+ 9. bxc3 Nge7 10. Bg5 f6 11. Bd2 O-O 12. O-O a6 13. Bd3 Qd7 14. Qc2 f5
15. Rab1 Rab8 16. Rfc1 h6 17. Rb2 Na5 18. c4 Nxc4 19. Bxc4 dxc4 20. Qxc4+ Nd5
21. Bf4 b5 22. Qb3 Kh7 23. Be5 Rbc8 24. f4 Nb6 25. Rbc2 Nc4 26. Qb4 Rfd8 27.
Re1 Qd5 28. Rce2 Rd7 29. Qc3 Re8 30. Qh3 Rf7 31. Bxg7 Rxg7 32. Rxe8 Nd2 33.
R8e7 1-0